000 00506nam a22001697a 4500
005 20231101065017.0
008 231101b |||||||| |||| 00| 0 eng d
020 _a040904136
041 _aEnglish
082 _a346.7 MES
100 _aMeskin, PM
_lEnglish
245 _aInsolvency Law and its operation in winding-up /
_cPM Meskin
260 _aDurban :
_bButterworths,
_c1990
300 _bxi, 143 pages ;
_c26 cm.
650 _alegal practice
_bLaw
942 _cBK
_6ALISON_BN_VRIES
999 _c201
_d201